| 000 | 00450cam a2200181ua 4500 | ||
|---|---|---|---|
| 020 | _c200.00 | ||
| 041 |
_aeng _h |
||
| 082 |
_a604.2 _bRED/TE |
||
| 100 | _aReddy, Venkata K . | ||
| 245 |
_aText book of engineering drawing / _cK Venkata Reddy. _hTextual Documents |
||
| 250 |
_a3 / _b. |
||
| 260 |
_aHyderabad : _bB S Publications , _c2009. |
||
| 300 | _a ; . | ||
| 365 | _a200.00 | ||
| 504 | _a | ||
| 942 | _cBK | ||
| 999 |
_c13472 _d13472 |
||